[Event "Challenge"]
[Site "http://www.queenalice.com/game.php?id=1596538"]
[Date "2020.1.17"]
[Round "-"]
[White "Vin100"]
[Black "thalys47"]
[Result "0-1"]
[WhiteElo "1612"]
[BlackElo "1739"]

1. e4 c5 2. Nf3 e6 3. c3 a6 4. d3 Nc6 5. Be3 Qc7 6. Nbd2 Bd6 7. g3 Nf6 8. Bh3
O-O 9. O-O Ne5 10. Nxe5 Bxe5 11. Rc1 Ng4 12. Bxg4 f5 13. exf5 exf5 14. Bf3 f4
15. Bxf4 Bxf4 16. Bd5+ Kh8 17. gxf4 Qxf4 18. Ne4 d6 19. Qe2 Rf5 20. c4 Rb8 21.
a3 g6 22. Ng3 Rg5 23. Qe8+ Kg7 24. Be6 Bxe6 25. Qxb8 Qf3 26. Qc7+ Kh6 27. Qxd6
Bh3 28. Qd5 Rxd5 29. cxd5 Qg2# 0-1

[Event "AUTO-ADV-4306"]
[Site "http://www.queenalice.com/game.php?id=1601622"]
[Date "2020.3.4"]
[Round "1"]
[White "ThiagoSousa"]
[Black "thalys47"]
[Result "0-1"]
[WhiteElo "1732"]
[BlackElo "1824"]

1. e4 c5 2. Nf3 e6 3. d3 a6 4. Be2 Nc6 5. Nc3 Qc7 6. O-O Bd6 7. Bg5 h6 8. Be3
Nf6 9. h3 Bf4 10. Qd2 Bxe3 11. Qxe3 O-O 12. e5 Nd5 13. Nxd5 exd5 14. c3 Re8 15.
d4 Re6 16. Nh4 cxd4 17. cxd4 f6 18. Rac1 d6 19. Ng6 dxe5 20. dxe5 fxe5 21. Nxe5
Rxe5 22. Qf3 Rf5 23. Qb3 Rg5 24. Rc5 b6 25. Qxd5+ Rxd5 26. Rxd5 Bb7 27. Rd2 Ne5
28. Re1 Qc6 29. f3 Qc5+ 30. Kf1 Rf8 31. a3 Bxf3 32. Bxf3 Nxf3 33. Rf2 Nxe1 34.
Kxe1 Qxf2+ 0-1

[Event "AUTO-ADV-4306"]
[Site "http://www.queenalice.com/game.php?id=1601623"]
[Date "2020.3.4"]
[Round "1"]
[White "thalys47"]
[Black "ThiagoSousa"]
[Result "1-0"]
[WhiteElo "1771"]
[BlackElo "1795"]

1. e4 c5 2. Nf3 Nc6 3. d4 Nxd4 4. c3 Nxf3+ 5. Qxf3 e6 6. Bd3 a6 7. O-O b5 8. Bc2
Bb7 9. Re1 Bd6 10. e5 Bc7 11. Qxb7 d5 12. Qc6+ Qd7 13. Qxa8+ 1-0

[Event "AUTO-ADV-4306"]
[Site "http://www.queenalice.com/game.php?id=1601636"]
[Date "2020.3.4"]
[Round "1"]
[White "dazzeechain"]
[Black "thalys47"]
[Result "0-1"]
[WhiteElo "2011"]
[BlackElo "1800"]

1. e4 c5 2. Nf3 e6 3. d4 cxd4 4. Nxd4 Nc6 5. Nc3 a6 6. Be3 Qc7 7. a3 Bd6 8. h3
Nf6 9. Be2 Nxd4 10. Bxd4 O-O 11. Bxf6 gxf6 12. O-O b5 13. Qd3 Bh2+ 14. Kh1 Be5
15. Nd1 Bb7 16. c3 Kh8 17. Ne3 Rg8 18. Ng4 d5 19. Bf3 dxe4 20. Qe3 exf3 21. gxf3
Bf4 22. Qe2 f5 23. Ne3 Bxe3 24. Qxe3 f4 25. Qd4+ e5 26. Qd3 Rad8 27. Qf5 Bxf3+
28. Kh2 Rg2+ 29. Kh1 Rg5+ 0-1

[Event "AUTO-ADV-4306"]
[Site "http://www.queenalice.com/game.php?id=1601637"]
[Date "2020.3.4"]
[Round "1"]
[White "thalys47"]
[Black "dazzeechain"]
[Result "0-1"]
[WhiteElo "1807"]
[BlackElo "2021"]

1. e4 c5 2. Nf3 Nc6 3. h3 d6 4. d4 cxd4 5. Bb5 Qa5+ 6. Bd2 Qxb5 7. c3 Qxb2 8.
O-O d3 9. Ng5 h6 10. Qb3 Qxb3 11. axb3 hxg5 12. Bxg5 Ne5 13. Nd2 f6 14. Be3 Bd7
15. Nc4 Nxc4 16. bxc4 Be6 17. Ra4 a6 18. c5 dxc5 19. Bxc5 b5 20. Rd4 Bc4 21. Re1
e5 22. Rxc4 bxc4 0-1

[Event "AUTO-ADV-4306"]
[Site "http://www.queenalice.com/game.php?id=1601644"]
[Date "2020.3.4"]
[Round "1"]
[White "Eggchaser"]
[Black "thalys47"]
[Result "0-1"]
[WhiteElo "1877"]
[BlackElo "1750"]

1. d4 c5 2. d5 d6 3. e4 e6 4. c4 Nf6 5. Nc3 Be7 6. Bd3 O-O 7. Nge2 exd5 8. Nxd5
Nxd5 9. exd5 Nd7 10. O-O Ne5 11. Ng3 Bg4 12. f3 Bd7 13. Qc2 Nxd3 14. Qxd3 Bf6
15. Rb1 Re8 16. Kh1 Be5 17. f4 Bf6 18. b3 Bh4 19. Ne4 Bf5 0-1

[Event "AUTO-ADV-4306"]
[Site "http://www.queenalice.com/game.php?id=1601645"]
[Date "2020.3.4"]
[Round "1"]
[White "thalys47"]
[Black "Eggchaser"]
[Result "1-0"]
[WhiteElo "1788"]
[BlackElo "1859"]

1. e4 d5 2. e5 Bf5 3. d4 e6 4. Nf3 h6 5. h3 a6 6. c3 c5 7. Be2 Nc6 8. O-O cxd4
9. cxd4 Nge7 10. Nc3 Be4 11. Be3 Nf5 12. Nxe4 dxe4 13. Nh2 Nfxd4 14. Bxd4 Qxd4
15. Qb3 Qd7 16. Rfd1 Qc7 17. Ng4 h5 18. Ne3 Nxe5 19. Rac1 Nc6 20. Qa4 b5 21.
Qxe4 Rc8 22. Bf3 1-0

[Event "corona"]
[Site "http://www.queenalice.com/game.php?id=1601779"]
[Date "2020.3.6"]
[Round "-"]
[White "Wigmont"]
[Black "thalys47"]
[Result "0-1"]
[WhiteElo "1609"]
[BlackElo "1836"]

1. e4 c5 2. Nc3 e6 3. Nf3 Nc6 4. Bc4 Nf6 5. d3 a6 6. Bf4 d5 7. Bb3 d4 8. Na4 b5
9. Rc1 bxa4 10. Bxa4 Bd6 11. Bxc6+ Ke7 12. Bxa8 Bxf4 13. Rb1 Bd7 14. Bb7 Qb6 15.
g3 Bc7 16. e5 Qxb7 17. exf6+ gxf6 18. O-O Bc6 19. Nh4 Rg8 20. Re1 f5 21. Qh5 Rg4
22. Nxf5+ Kf8 23. Qxg4 exf5 24. Qxf5 Bh1 25. Re4 Bxe4 26. dxe4 c4 27. Re1 d3 28.
Re3 dxc2 29. Rf3 c1=Q+ 30. Kg2 Bb6 31. e5 Qd2 32. Kh3 Qh6+ 33. Kg2 Qd2 34. e6
Qxf2+ 35. Kh3 Qfxf3 36. Qxf7+ Qfxf7 37. exf7 Qxf7 0-1

[Event "AUTO-ADV-4324"]
[Site "http://www.queenalice.com/game.php?id=1606882"]
[Date "2020.4.10"]
[Round "1"]
[White "Railton"]
[Black "thalys47"]
[Result "1-0"]
[WhiteElo "1855"]
[BlackElo "1813"]

1. e4 c5 2. Bc4 e6 3. a3 a6 4. e5 Nc6 5. Nf3 f6 6. exf6 Nxf6 7. d4 cxd4 8. Nxd4
Qc7 9. Nf3 d5 10. Ba2 Bd6 11. h3 O-O 12. Be3 Ne4 13. c3 Ne5 14. Nbd2 Nd3+ 15.
Kf1 Ndxf2 16. Bxf2 Bf4 17. Nxe4 dxe4 18. Rg1 Rd8 19. Nd4 e3 20. Bh4 Kh8 21. Bxd8
Qxd8 22. Nxe6 Qf6 23. Qd8+ Qxd8 24. Nxd8 Bf5 25. Nf7+ Kg8 26. Nd6+ Kh8 27. Nxf5
Rf8 28. g3 Bg5 29. g4 g6 30. Ke2 gxf5 31. gxf5 Rxf5 32. Raf1 1-0

[Event "AUTO-ADV-4324"]
[Site "http://www.queenalice.com/game.php?id=1606883"]
[Date "2020.4.10"]
[Round "1"]
[White "thalys47"]
[Black "Railton"]
[Result "1/2-1/2"]
[WhiteElo "1805"]
[BlackElo "1832"]

1. e4 c5 2. Nf3 a6 3. Nc3 Nc6 4. h3 b5 5. d4 c4 6. Be2 d6 7. O-O Bb7 8. Be3 e6
9. d5 Ne5 10. Nxe5 dxe5 11. b3 b4 12. Na4 exd5 13. exd5 c3 14. Bb6 Qxd5 15. Qxd5
Bxd5 16. Nc5 Nf6 17. Rfd1 Bxc5 18. Bxc5 a5 19. Bb5+ Kd8 20. Bb6+ Kc8 21. Bc4
Bxc4 22. bxc4 Nd7 23. Rd6 Ra6 24. Rc6+ Kb7 25. Rc7+ Kxb6 26. Rxd7 Ra7 27. Rad1
Rxd7 28. Rxd7 Rf8 29. Rd6+ Kc5 30. Rd5+ Kxc4 31. Rxe5 a4 32. Re4+ Kd5 33. Rxb4
Ra8 34. f3 Ra7 35. a3 f5 36. Kf2 g5 37. Ke3 Ra5 38. Rd4+ Ke5 39. Rc4 f4+ 40. Kd3
h5 41. Rxc3 Rd5+ 42. Ke2 Kd4 43. Rd3+ Kc4 44. Rxd5 Kxd5 45. Kd3 Kc5 46. c3 Kd5
47. c4+ Kc5 48. Kc3 h4 49. Kd3 Kd6 50. Ke4 Kc5 51. Kd3 Kc6 52. Kd4 Kd6 53. c5+
Ke6 54. Kc4 Kd7 55. Kb4 Kc6 56. Kc4 Kc7 57. Kb4 Kc6 58. Kc4 Kd7 59. Kd5 Kc7 60.
c6 Kc8 61. Kd6 Kd8 62. c7+ Kc8 63. Kc6 g4 64. fxg4 f3 65. gxf3 1/2-1/2

[Event "AUTO-ADV-4324"]
[Site "http://www.queenalice.com/game.php?id=1606896"]
[Date "2020.4.10"]
[Round "1"]
[White "thalys47"]
[Black "bdpq"]
[Result "1-0"]
[WhiteElo "1797"]
[BlackElo "1608"]

1. e4 e6 2. Nf3 Nc6 3. Bb5 a6 4. Bxc6 dxc6 5. O-O Bc5 6. d4 Bd6 7. e5 Bb4 8. a3
Ba5 9. c3 Ne7 10. Bg5 O-O 11. Nbd2 b5 12. Ne4 f5 13. Bxe7 Qxe7 14. Neg5 Bb7 15.
b4 Bb6 16. Qd2 a5 17. Qf4 axb4 18. Qh4 h6 19. Nh3 Qxh4 20. Nxh4 c5 21. dxc5 Bxc5
22. Ng6 Rf7 23. axb4 Bb6 24. Rxa8+ Bxa8 25. Nhf4 Kh7 26. Rd1 c6 27. Rd6 Ra7 28.
h3 Bc7 29. Rxe6 Ra2 30. Nf8+ Kh8 31. Re8 g5 32. N8e6+ Kh7 33. Nxc7 Bb7 34. Nd3
Rc2 35. Nc5 Rxc3 36. e6 Rc4 37. Nxb7 Rxb4 38. Nd6 Rb1+ 39. Kh2 f4 40. Nf5 Kg6
41. Rf8 b4 42. e7 b3 43. e8=Q+ Kh7 44. Qf7# 1-0

[Event "AUTO-ADV-4324"]
[Site "http://www.queenalice.com/game.php?id=1606897"]
[Date "2020.4.10"]
[Round "1"]
[White "bdpq"]
[Black "thalys47"]
[Result "0-1"]
[WhiteElo "1626"]
[BlackElo "1843"]

1. e4 c5 2. d4 cxd4 3. Qxd4 Nc6 4. Qd1 e6 5. Nf3 a6 6. Bd3 Qc7 7. O-O Bd6 8. Bg5
h6 9. Be3 Nf6 10. Nc3 Ng4 11. g3 O-O 12. Nd4 Nge5 13. Bf4 Nxd4 14. Bxe5 Bxe5 15.
Qg4 f5 16. exf5 exf5 17. Qd1 Qc6 18. Re1 Nf3+ 19. Kh1 Nxe1+ 20. Kg1 Qg2# 0-1

[Event "AUTO-ADV-4324"]
[Site "http://www.queenalice.com/game.php?id=1606898"]
[Date "2020.4.10"]
[Round "1"]
[White "thalys47"]
[Black "Sirius"]
[Result "0-1"]
[WhiteElo "1852"]
[BlackElo "1741"]

1. e4 e5 2. Nf3 Bc5 3. Nc3 a6 4. Nxe5 d6 5. Bc4 dxe5 6. Qf3 Nf6 7. O-O Bg4 8.
Qg3 h5 9. Qxe5+ Be7 10. f3 Be6 11. Bxe6 Nc6 12. Qg3 Nd4 13. Bd5 Nxd5 14. Nxd5
Bd6 15. e5 Ne2+ 16. Kf2 Nxg3 17. hxg3 Bxe5 18. Nc3 Bd4+ 19. Ke1 Qe7+ 20. Ne2
O-O-O 21. d3 h4 22. Bf4 h3 23. gxh3 Rxh3 24. Kd2 Bxb2 25. Rab1 Be5 26. Bxe5 Qxe5
27. Nc3 Qxg3 28. Ne4 Qf4+ 29. Ke2 f5 30. Nc5 Re8+ 31. Kd1 Rxf3 32. Rxf3 Qxf3+
33. Kd2 Qe3+ 0-1

[Event "AUTO-ADV-4324"]
[Site "http://www.queenalice.com/game.php?id=1606899"]
[Date "2020.4.10"]
[Round "1"]
[White "Sirius"]
[Black "thalys47"]
[Result "1-0"]
[WhiteElo "1748"]
[BlackElo "1832"]

1. e4 c5 2. Bc4 e6 3. d3 a6 4. a4 Nc6 5. Bg5 Qxg5 6. g3 Nf6 7. Nf3 Qg6 8. h4 Nd4
9. Nxd4 cxd4 10. Qd2 Bc5 11. f3 d5 12. exd5 Qxg3+ 13. Ke2 Qg2+ 14. Kd1 Qxh1+ 15.
Qe1 Qxh4 16. Qxh4 O-O 17. Nd2 exd5 18. Bb3 Re8 19. c4 Bb4 20. Qxd4 Bd7 21. cxd5
a5 22. Kc2 Rac8+ 23. Bc4 Re2 24. Rd1 Bxa4+ 25. b3 Bd7 26. d6 Rce8 27. Qh4 R8e3
28. Kc1 Ba3+ 29. Kb1 Bf5 30. Qf4 Re1 31. Rxe1 Rxe1+ 32. Ka2 Bc5 33. Qxf5 Bd4 34.
Qc8+ Ne8 35. Nb1 Re2+ 36. Ka3 Bb2+ 37. Ka4 Re1 38. d7 h6 39. dxe8=Q+ 1-0

[Event "✔"]
[Site "http://www.queenalice.com/game.php?id=1606925"]
[Date "2020.4.10"]
[Round "-"]
[White "vicooooor"]
[Black "thalys47"]
[Result "0-1"]
[WhiteElo "1266"]
[BlackElo "1805"]

1. Nc3 c5 2. Nf3 e6 3. e3 a6 4. g3 Nc6 5. Bc4 Qc7 6. O-O Bd6 7. b4 Nf6 8. bxc5
O-O 9. cxd6 Qxd6 10. Rb1 b5 11. Ba3 Qc7 12. Bb3 b4 13. Bxb4 Nxb4 14. a3 Nbd5 15.
Nh4 Bb7 16. Re1 Qc6 17. e4 Nxc3 18. dxc3 Qxc3 19. Re3 Qe5 20. c4 Bxe4 21. f4 Qc5
22. Kf2 Bxb1 23. Qxb1 Ng4+ 24. Kf3 Qxe3+ 25. Kxg4 h5+ 26. Kh3 e5 27. fxe5 Rab8
28. a4 Rxb3 29. Nf5 Rxb1 30. Nxe3 Re1 31. Nf5 Rxe5 32. Nd6 Re2 33. c5 Rb8 34. c6
dxc6 35. Nf5 g5 36. Nh6+ Kg7 37. Nf5+ Kg6 38. Nd4 Ra2 39. Nxc6 g4+ 40. Kh4 Rxh2#
0-1

[Event "AUTO-OPEN-4160"]
[Site "http://www.queenalice.com/game.php?id=1607032"]
[Date "2020.4.11"]
[Round "1"]
[White "thalys47"]
[Black "mestre62"]
[Result "1-0"]
[WhiteElo "1806"]
[BlackElo "1357"]

1. e4 e5 2. Nf3 f6 3. Bc4 a6 4. O-O Nh6 5. d4 exd4 6. Nxd4 Nc6 7. Nc3 Ne5 8.
Bxh6 Nxc4 9. Be3 Nxe3 10. fxe3 d6 11. Qh5+ g6 12. Qh4 Be7 13. Qh6 Bf8 14. Qh4
Be7 15. Qh6 Bf8 16. Qf4 Be7 17. Nd5 g5 18. Nxf6+ Bxf6 19. Qxf6 Qxf6 20. Rxf6 Bd7
21. Nf5 Bxf5 22. Rxf5 h6 23. Raf1 O-O-O 24. e5 dxe5 25. Rxe5 Rhe8 26. Rxe8 Rxe8
27. Kf2 Rf8+ 28. Ke2 Rxf1 29. Kxf1 Kd7 30. Ke2 Ke6 31. Kf3 b5 32. e4 Ke5 33. g3
c5 34. b3 h5 35. h3 c4 36. bxc4 bxc4 37. Ke3 g4 38. hxg4 hxg4 39. c3 a5 40. a4
Ke6 41. Kd4 Kd6 42. Kxc4 Ke5 43. Kd3 Kd6 44. c4 Kc5 45. e5 Kc6 46. Kd4 Kd7 47.
Kd5 Ke7 48. c5 Kd7 49. c6+ Kd8 50. Kd6 Kc8 51. e6 Kd8 52. e7+ Ke8 53. c7 1-0

[Event "AUTO-OPEN-4160"]
[Site "http://www.queenalice.com/game.php?id=1607033"]
[Date "2020.4.11"]
[Round "1"]
[White "mestre62"]
[Black "thalys47"]
[Result "0-1"]
[WhiteElo "1411"]
[BlackElo "1850"]

1. e4 c5 2. e5 e6 3. d4 cxd4 4. Qxd4 Nc6 5. Qd1 Nxe5 6. Bd2 Nf6 7. a3 Qb6 8. b3
Neg4 9. Qe2 Bc5 10. Nh3 O-O 11. Nc3 d5 12. Na4 Qd6 13. Bf4 e5 14. Nxc5 Qxc5 15.
f3 exf4 16. Nxf4 Re8 0-1

[Event "AUTO-OPEN-4160"]
[Site "http://www.queenalice.com/game.php?id=1607034"]
[Date "2020.4.11"]
[Round "1"]
[White "thalys47"]
[Black "beteljeuxe"]
[Result "0-1"]
[WhiteElo "1807"]
[BlackElo "2273"]

1. e4 e6 2. Nf3 d5 3. e5 c5 4. c3 d4 5. Be2 d3 6. Bf1 b5 7. b3 Qd5 8. b4 Qe4+ 9.
Be2 Ba6 10. Ng5 Qxe5 11. Nf3 Qe4 12. Ng5 dxe2 13. Nxe4 exd1=Q+ 14. Kxd1 cxb4 15.
cxb4 Nf6 16. Nbc3 Nxe4 17. Nxe4 Bxb4 18. a3 Be7 19. Bb2 Bb7 20. Bxg7 Rg8 21. Bc3
Bxe4 22. f3 Bd5 23. Rg1 Bxf3+ 24. Ke1 Bxg2 25. d4 Nc6 26. Ra2 Bh4+ 27. Kd1 Bf3+
28. Kc2 Be4+ 29. Kb3 Bd5+ 30. Kb2 Rxg1 31. Ra1 Rg2+ 32. Kc1 Nxd4 33. Bxd4 Rc8+
34. Kb1 Be4# 0-1

[Event "AUTO-OPEN-4160"]
[Site "http://www.queenalice.com/game.php?id=1607035"]
[Date "2020.4.11"]
[Round "1"]
[White "beteljeuxe"]
[Black "thalys47"]
[Result "1-0"]
[WhiteElo "2192"]
[BlackElo "1799"]

1. e4 c5 2. Nf3 e6 3. Nc3 a6 4. d4 cxd4 5. Nxd4 Nc6 6. Nxc6 bxc6 7. Qd3 Nf6 8.
e5 Nd5 9. Qg3 Bb4 10. Qxg7 Rf8 11. Bd2 Nxc3 12. bxc3 Bc5 13. Be2 Bb7 14. O-O d6
15. Bh6 dxe5 16. Rab1 Qc7 17. Rfd1 Rb8 18. Qxh7 Ba8 19. Rxb8+ Qxb8 20. Bxf8 Bxf8
21. Bh5 Qc7 22. Bxf7+ Qxf7 23. Rd8+ Ke7 24. Qh4+ Qf6 25. Qxf6+ Kxf6 26. Rxf8+
Ke7 27. Rxa8 1-0

[Event "AUTO-OPEN-4160"]
[Site "http://www.queenalice.com/game.php?id=1607037"]
[Date "2020.4.11"]
[Round "1"]
[White "amadeuswags"]
[Black "thalys47"]
[Result "0-1"]
[WhiteElo "1710"]
[BlackElo "1808"]

1. e4 c5 2. Nf3 e6 3. Nc3 Nc6 4. Bb5 a6 5. Bxc6 bxc6 6. O-O Qc7 7. d3 Bd6 8. e5
Be7 9. Be3 f6 10. Bf4 d6 0-1

[Event "AUTO-ADV-4306"]
[Site "http://www.queenalice.com/game.php?id=1617853"]
[Date "2020.6.24"]
[Round "2"]
[White "jlpbarreto"]
[Black "thalys47"]
[Result "1-0"]
[WhiteElo "2049"]
[BlackElo "1806"]

1. e4 c5 2. Nf3 e6 3. d4 cxd4 4. Nxd4 Nc6 5. Be2 a6 6. Nc3 Qc7 7. O-O Bd6 8. Nf3
Nf6 9. h3 O-O 10. Bg5 Nh5 11. e5 Nxe5 12. Nxe5 Bxe5 13. Bxh5 Bh2+ 14. Kh1 Be5
15. Bf3 Bxc3 16. bxc3 f6 17. Be3 Qxc3 18. Qd3 Qc7 19. Rab1 d5 20. a4 e5 21.
Bxd5+ Kh8 22. Rb6 Rd8 23. Qb3 Rb8 24. Rb1 Rd6 25. c4 Rxb6 26. Qxb6 Qxb6 27. Rxb6
h6 28. f4 Kh7 29. fxe5 fxe5 30. Be4+ Kh8 31. Bc5 Be6 32. Bd6 Rc8 33. c5 Bc4 34.
Rxb7 Bg8 35. Rb8 Rxb8 36. Bxb8 Be6 37. Bxe5 Kg8 38. Bb7 a5 39. Bc6 Kf7 40. Bc7
Bb3 41. Bxa5 Ke6 42. g3 Ke5 43. Bc3+ Kf5 44. Bxg7 Ke6 45. Bxh6 Ke5 46. Bf8 Kf5
47. Bd6 Bc4 48. Kg2 Kg5 49. a5 Kf5 50. Kf3 Kg5 51. h4+ Kh5 52. Kf4 Kg6 53. g4
Kf6 54. Bd7 Kg6 55. c6 Kf6 56. c7 1-0

[Event "AUTO-ADV-4306"]
[Site "http://www.queenalice.com/game.php?id=1617854"]
[Date "2020.6.24"]
[Round "2"]
[White "thalys47"]
[Black "jlpbarreto"]
[Result "0-1"]
[WhiteElo "1815"]
[BlackElo "1999"]

1. e4 e6 2. Nf3 d5 3. e5 c5 4. c3 Nc6 5. d4 cxd4 6. cxd4 Qb6 7. Nc3 Nge7 8. Bb5
Bd7 9. O-O a6 10. Ba4 Nf5 11. Bxc6 Bxc6 12. h3 Be7 13. Bg5 Qxb2 14. Ne2 Bb5 15.
Bxe7 Kxe7 16. Ng3 Bxf1 17. Nxf5+ exf5 18. Qxf1 Rac8 19. Rb1 Qc3 20. Rxb7+ Rc7
21. Rxc7+ Qxc7 22. Qxa6 Rb8 23. Qa3+ Ke8 24. Ng5 Qe7 25. Qa4+ Kf8 26. h4 h6 27.
Nf3 Rb1+ 28. Kh2 Qb7 29. Qc2 g6 30. Qc5+ Kg7 31. Qd6 Rb6 32. Qd8 Rb2 33. Qf6+
Kh7 34. h5 Rb6 35. hxg6+ fxg6 36. Qh4 Ra6 37. Ng5+ Kg7 38. Nf3 Re6 39. Qd8 Qe7
40. Qa8 Qe8 41. Qxd5 Qc6 42. Qd8 Qe8 43. Qc7+ Re7 44. Qd6 Re6 45. Qc7+ Qe7 46.
Qb8 Qe8 47. Qb7+ Re7 48. Qb6 Re6 49. d5 Rxb6 0-1

[Event "AUTO-ADV-4306"]
[Site "http://www.queenalice.com/game.php?id=1617857"]
[Date "2020.6.24"]
[Round "2"]
[White "thalys47"]
[Black "rich"]
[Result "0-1"]
[WhiteElo "1822"]
[BlackElo "2038"]

1. e4 c5 2. Nf3 Nc6 3. h3 Nf6 4. Nc3 d6 5. Bb5 Bd7 6. O-O e6 7. d4 cxd4 8. Nxd4
Be7 9. Nxc6 bxc6 10. Bd3 O-O 11. Be3 Qb8 12. Qf3 Qxb2 13. Ne2 Qa3 14. Rab1 Rab8
15. Bc4 d5 16. exd5 cxd5 17. Bb3 a5 18. Bd4 a4 19. Bxd5 Nxd5 20. Qh5 Rxb1 21.
Rxb1 Bf6 22. Bxf6 Nxf6 23. Qe5 Qxa2 24. Rb2 Qc4 25. Ng3 a3 26. Rb3 a2 27. Ra3
Qxc2 28. Ne2 Qb1+ 29. Kh2 Bc6 30. Nf4 Nd5 31. Nxe6 fxe6 32. Qxe6+ Kh8 33. Qxc6
a1=Q 34. Rxa1 Qxa1 35. Qxd5 Qf6 36. f3 Rd8 37. Qa5 h6 38. f4 Qxf4+ 39. Kg1 Rd1+
40. Qe1 Rxe1# 0-1

[Event "AUTO-ADV-4306"]
[Site "http://www.queenalice.com/game.php?id=1617858"]
[Date "2020.6.24"]
[Round "2"]
[White "rich"]
[Black "thalys47"]
[Result "1-0"]
[WhiteElo "2012"]
[BlackElo "1831"]

1. e4 c5 2. Nf3 e6 3. d4 cxd4 4. Nxd4 Nc6 5. Nc3 a6 6. Be3 Qc7 7. Qd2 Bd6 8.
O-O-O Nf6 9. f4 e5 10. fxe5 Nxe5 11. Be2 O-O 12. Nf5 Nc4 13. Bxc4 Qxc4 14. Nxd6
Qc6 15. e5 Ng4 16. Bg5 Nxe5 17. Bf4 Nc4 18. Nxc4 Qxc4 19. Nd5 Qxa2 20. Qd4 Qa1+
21. Kd2 Qa5+ 22. c3 b5 23. Bh6 gxh6 24. Ne7# 1-0